[Event "F 04.06"]
[Site "http://www.queenalice.com/game.php?id=61244"]
[Date "2006.4.4"]
[Round "-"]
[White "davidaniel"]
[Black "mauricio_sm"]
[Result "0-1"]
[WhiteElo "1352"]
[BlackElo "1585"]

1. d4 d5 2. Bf4 Nc6 3. c3 e6 4. e3 Nf6 5. Qa4 Bd7 6. f3 Qe7 7. Qc2 h6 8. Bxc7 g5
9. Na3 a6 10. O-O-O Bg7 11. g4 O-O 12. h4 Ne8 13. Bb6 Nd6 14. Bc5 Rab8 15. hxg5
f5 16. gxh6 Bf6 17. Rh5 b6 18. Bxd6 Qxd6 19. f4 fxg4 20. Qg6+ Kh8 21. Bd3 Qe7
22. Ne2 Rg8 23. Qh7+ Qxh7 24. Bxh7 Kxh7 25. Rg1 Rg6 26. f5 exf5 27. Nf4 Rxh6 28.
Rgh1 Bg5 29. Nxd5 Rxh5 30. Rxh5+ Kg6 31. Rh1 Be6 32. Nb4 Nxb4 33. cxb4 Bxa2 34.
Kd2 f4 35. e4 f3+ 36. Kd3 f2 37. Nc2 b5 38. d5 Bc4+ 39. Kd4 f1=Q 40. Rxf1 Bxf1
41. e5 g3 42. d6 Bc4 43. Ne1 Bd2 44. Nf3 g2 45. Ke4 Be2 46. Nh4+ Kf7 47. Nxg2
Rg8 48. Nf4 Bxf4 49. Kxf4 Ke6 50. Ke3 Bc4 51. d7 Kxe5 52. Kf3 Rd8 53. Ke3 Rxd7
54. b3 Rd3+ 55. Ke2 Rxb3+ 56. Kd2 Rxb4 57. Kc3 Rb3+ 58. Kc2 a5 59. Kc1 a4 0-1

[Event "Revanche da Execução por Tempo"]
[Site "http://www.queenalice.com/game.php?id=61654"]
[Date "2006.4.6"]
[Round "-"]
[White "davidaniel"]
[Black "PlinioRegis"]
[Result "0-1"]
[WhiteElo "1379"]
[BlackElo "1421"]

1. d4 d5 2. c3 Bf5 3. Na3 Nc6 4. f3 e5 5. b4 exd4 6. b5 Bxa3 7. Bxa3 Ne5 8. cxd4
Nc4 9. Qc1 Nxa3 10. Qxa3 Qh4+ 11. g3 Qxd4 12. Rc1 Qb6 13. g4 Bd7 14. e3 Ne7 15.
Nh3 h5 16. g5 Nf5 17. Nf4 Nxe3 18. Bd3 Qd4 19. Rxc7 Qxf4 20. Rxb7 Qxf3 21. Qd6
Qxh1+ 22. Kd2 Nf1+ 23. Bxf1 Rd8 24. g6 Qxf1 25. Qe5+ Kf8 26. Qd6+ Kg8 27. Rxd7
Qg2+ 28. Kd3 Qh3+ 29. Kd4 Qxd7 30. gxf7+ Kxf7 31. Qf4+ Kg8 32. Qh4 Rc8 33. Ke5
Re8+ 34. Kd4 Re4+ 35. Qxe4 dxe4+ 36. Kxe4 Qxb5 0-1

[Event "New Bang Bang"]
[Site "http://www.queenalice.com/game.php?id=61655"]
[Date "2006.4.6"]
[Round "-"]
[White "davidaniel"]
[Black "dlabedz"]
[Result "1-0"]
[WhiteElo "1339"]
[BlackElo "1259"]

1. d4 d5 2. e3 f5 3. f4 Nf6 4. Nh3 Ne4 5. c3 g6 6. b4 Bd7 7. Nd2 Nxc3 8. Qb3 Nb5
9. Ng5 h6 10. Ngf3 e6 11. Ne5 Na6 12. a4 Nxb4 13. axb5 a5 14. Nxg6 Rg8 15. Ne5
c6 16. bxc6 Bxc6 17. g3 Qe7 18. Be2 Qg7 19. Bh5+ Kd8 20. Nf7+ Ke7 21. Ba3 Kd7
22. Rg1 Bb5 23. g4 Nd3+ 24. Kf1 Ba6 25. Nf3 Rc8 26. Rg2 fxg4 27. Qa4+ Kc7 28.
Rc2+ Nc5+ 29. Kf2 Kb8 30. Rb1 g3+ 31. Ke1 Nd3+ 32. Kd1 Nf2+ 33. Kd2 gxh2 34.
Bd6+ Bxd6 35. Nxd6 Rxc2+ 36. Qxc2 Qg2 37. Qh7 Ne4+ 38. Kc1 Qf1+ 39. Kc2 Qe2+ 40.
Kb3 Qd3+ 41. Ka4 b5+ 42. Kxa5 Qa3+ 43. Kb6 Qxd6+ 44. Ka5 Rc8 45. Nxh2 Rc4 46.
Qh8+ Rc8 47. Qxh6 Qa3+ 48. Kb6 Qd6+ 49. Ka5 Rc4 50. Qh8+ Rc8 51. Qe5 Qxe5 52.
dxe5 Ka7 53. f5 Nc3 54. Rc1 Rc4 55. Ra1 exf5 56. e6 Rh4 57. e7 Re4 58. e8=Q Rxe8
59. Bxe8 Ne4 60. Rg1 Nd6 61. Rg7+ Nb7+ 62. Kb4 Kb6 63. Rg6+ Kc7 64. Rxa6 Kd8 65.
Ra8+ Kc7 66. Nf3 Kb6 67. Ne5 Nc5 68. Bxb5 Ne4 69. Nd7+ Kc7 70. Rf8 Nd6 71. Ba4
Nc4 72. Rxf5 Nxe3 73. Rf3 d4 74. Kc5 1-0

[Event "SAS WAR"]
[Site "http://www.queenalice.com/game.php?id=64538"]
[Date "2006.4.20"]
[Round "-"]
[White "davidaniel"]
[Black "CaHeZa"]
[Result "1-0"]
[WhiteElo "1362"]
[BlackElo "1396"]

1. d4 d5 2. c3 Nc6 3. Bf4 f6 4. e3 e5 5. Bg3 exd4 6. exd4 Bf5 7. Nd2 Qe7+ 8. Be2
Bd3 9. Nh3 g5 10. Ng1 Na5 11. Qa4+ c6 12. Qxa5 Nh6 13. Kd1 b6 14. Qa4 Bxe2+ 15.
Nxe2 b5 16. Qa6 Qd7 17. Re1 Be7 18. f4 Nf5 19. Bf2 O-O 20. Ng1 Nh4 21. g3 Ng2
22. Re2 Rab8 23. h3 Rb6 24. Qa5 gxf4 25. gxf4 Nxf4 26. Re3 Bd8 27. Rg3+ Kh8 28.
Qb4 Be7 29. Qa5 Rbb8 30. b4 Bd8 31. Qa3 Nh5 32. Rg4 f5 33. Rg2 Bb6 34. Ndf3 Rbe8
35. Qc1 Bc7 36. a4 Nf4 37. Rg5 Nd3 38. Qd2 Nxf2+ 39. Qxf2 Bd8 40. Rh5 Re4 41.
axb5 cxb5 42. Ra6 Rfe8 43. Rah6 R8e7 44. Rg6 Qe8 45. Rd6 a5 46. Rxf5 Re3 47.
Rdxd5 Rxc3 48. Rxb5 Rd3+ 49. Kc2 Ree3 50. bxa5 Qc6+ 51. Rfc5 Qe4 52. Re5 Rc3+
53. Kb2 Qd3 54. Rxe3 Qxb5+ 55. Kxc3 Bxa5+ 56. Kc2 Qc4+ 57. Kd1 Qa4+ 58. Ke2 Qc4+
59. Rd3 Qe6+ 60. Ne5 Bb6 61. Qf8+ 1-0

[Event "Prorogação da CI"]
[Site "http://www.queenalice.com/game.php?id=66617"]
[Date "2006.5.3"]
[Round "-"]
[White "davidaniel"]
[Black "Cleo_Godoy"]
[Result "1-0"]
[WhiteElo "1296"]
[BlackElo "1673"]

1. e4 e5 2. Nf3 d6 3. h3 Nc6 4. c3 Nf6 5. Ng5 h6 6. Nf3 Nxe4 7. d3 Nf6 8. b4 b6
9. Qa4 Bb7 10. b5 Qd7 11. bxc6 Bxc6 12. Qa6 e4 13. Nd4 exd3 14. Bxd3 Bxg2 15.
Rh2 Bxh3 16. Qb5 O-O-O 17. Qa6+ Kb8 18. Rxh3 Qxh3 19. Nc6+ Ka8 20. Qxa7# 1-0

[Event "Almoço no Coleginho"]
[Site "http://www.queenalice.com/game.php?id=66841"]
[Date "2006.5.4"]
[Round "-"]
[White "Cleo_Godoy"]
[Black "davidaniel"]
[Result "1-0"]
[WhiteElo "1643"]
[BlackElo "1326"]

1. e4 e5 2. Nf3 f6 3. c3 c6 4. d4 d5 5. dxe5 b5 6. exd5 cxd5 7. Bxb5+ Bd7 8.
Qxd5 Nc6 9. Bxc6 Ne7 10. Bxd7+ Qxd7 11. Qxa8+ Kf7 12. O-O Ng6 13. Re1 Bc5 14.
Qe4 Re8 15. Qc4+ Re6 16. Qxc5 Rxe5 17. Nxe5+ Nxe5 18. Bf4 Nd3 19. Qc4+ Kf8 20.
Rd1 Nxb2 21. Qb4+ Ke8 22. Rxd7 Kxd7 23. Na3 g5 24. Qd6+ 1-0

[Event "Let's Play Chess!"]
[Site "http://www.queenalice.com/game.php?id=70492"]
[Date "2006.5.21"]
[Round "-"]
[White "serginh0w"]
[Black "davidaniel"]
[Result "1-0"]
[WhiteElo "1784"]
[BlackElo "1365"]

1. e4 e5 2. Nf3 f6 3. Nc3 c6 4. Bc4 Nh6 5. O-O d6 6. h3 f5 7. d4 b5 8. Bb3 f4 9.
dxe5 g5 10. exd6 Bxd6 11. Nxg5 Qxg5 12. Qxd6 Bxh3 13. g3 Rf8 14. Bxf4 Rxf4 15.
Qxf4 Qxf4 16. gxf4 Nd7 17. f3 Nc5 18. Rfd1 Ke7 19. f5 a5 20. a3 a4 21. Ba2 Rf8
22. Kh2 Bxf5 23. exf5 Rxf5 24. Re1+ Kf6 25. Ne4+ Kg7 26. Rg1+ Kf8 27. Kg2 Nd7
28. Be6 Ne5 29. Bxf5 Nxf5 30. Rad1 Ne3+ 31. Kf2 N3c4 32. b3 Nxa3 33. bxa4 bxa4
34. Ra1 Nxc2 35. Rxa4 Nd3+ 36. Kg3 Ne5 37. Ra8+ Ke7 38. Ra7+ Ke6 39. Ng5+ Kf6
40. Nxh7+ Kg6 41. Nf8+ Kf5 42. Kh3 Nxf3 43. Kg2 Nh4+ 44. Kg3 Kg5 45. Kh3+ Kh6
46. Kxh4 1-0

[Event "Challenge"]
[Site "http://www.queenalice.com/game.php?id=71222"]
[Date "2006.5.24"]
[Round "-"]
[White "davidaniel"]
[Black "pierj"]
[Result "1-0"]
[WhiteElo "1345"]
[BlackElo "1375"]

1. e4 d6 2. b4 e5 3. Qf3 a6 4. Bc4 Qf6 5. d3 Nd7 6. Bg5 Qg6 7. h4 b5 8. Bd5 Rb8
9. a4 Be7 10. Nh3 Nb6 11. Bc6+ Bd7 12. axb5 axb5 13. Bd5 h6 14. h5 Qh7 15. Qxf7+
Kd8 16. Be3 Nxd5 17. exd5 Bf5 18. Ra3 Bxh3 19. Rxh3 Nf6 20. Nc3 Rf8 21. Qe6 Re8
22. Ra7 Bf8 23. Qf7 g5 24. Qxf6+ Kd7 25. Ne4 Be7 26. Qe6+ Kd8 27. Rf3 g4 28.
Qxg4 Rg8 29. Qh3 Qg7 30. g3 Ke8 31. Rxc7 Rd8 32. Nf6+ Bxf6 33. Rxg7 Rxg7 34.
Rxf6 Ra8 35. Qe6+ Kd8 36. Bb6+ Rc7 37. Rf8# 1-0

[Event "trepador de morro"]
[Site "http://www.queenalice.com/game.php?id=72192"]
[Date "2006.5.27"]
[Round "-"]
[White "Cleo_Godoy"]
[Black "davidaniel"]
[Result "1-0"]
[WhiteElo "1761"]
[BlackElo "1341"]

1. e4 e5 2. Nf3 Qf6 3. Nc3 c6 4. Be2 g6 5. d3 Bc5 6. Bg5 Qd6 7. O-O f6 8. Bd2 h5
9. Na4 b5 10. Nxc5 Qxc5 11. Be3 Qd6 12. c3 g5 13. d4 h4 14. dxe5 Qc7 15. exf6 h3
16. g3 Nxf6 17. Nxg5 Qe5 18. Bf4 Qc5 19. Bg4 O-O 20. Bxh3 Ba6 21. Bxb8 Raxb8 22.
Bxd7 Rbd8 23. Ne6 Rxd7 24. Nxc5 Rxd1 25. Raxd1 Bc8 26. e5 Nh5 27. Rd6 Bh3 28.
Re1 a5 29. Re4 Bf5 30. Rh4 Ng7 31. Rxc6 Rd8 32. Rd4 Re8 33. Nd7 a4 34. Nf6+ Kf7
35. Nxe8 Nxe8 36. Rf4 Ng7 37. g4 Ne6 38. Rxf5+ Ke7 39. Rh5 Nf4 40. Rh7+ Kd8 41.
Ra6 Ne2+ 42. Kf1 a3 43. Ra8# 1-0

[Event "first"]
[Site "http://www.queenalice.com/game.php?id=85179"]
[Date "2006.7.12"]
[Round "-"]
[White "CleoGodoy"]
[Black "davidaniel"]
[Result "1-0"]
[WhiteElo "1488"]
[BlackElo "1362"]

1. e4 e5 2. Nf3 f6 3. Bc4 Nh6 4. c3 c6 5. d4 b5 6. Bd3 g5 7. dxe5 fxe5 8. Bxg5
Qb6 9. Nxe5 Bg7 10. Qh5+ Kf8 11. Bxh6 Ke7 12. Bxg7 Rg8 13. Qf7+ Kd6 14. Qxg8 Na6
15. Bf8+ Kxe5 16. Qg7+ Ke6 17. Qe7# 1-0

[Event "second"]
[Site "http://www.queenalice.com/game.php?id=85180"]
[Date "2006.7.12"]
[Round "-"]
[White "davidaniel"]
[Black "CleoGodoy"]
[Result "0-1"]
[WhiteElo "1377"]
[BlackElo "1735"]

1. e4 e5 2. c3 Nf6 3. f3 c6 4. b4 d5 5. d3 d4 6. a3 b5 7. g4 a5 8. bxa5 Qxa5 9.
Qb3 Be6 10. Qc2 b4 11. cxb4 Bxb4+ 12. Bd2 Bxd2+ 13. Nxd2 O-O 14. h4 Nbd7 15. h5
h6 16. Nh3 Nc5 17. g5 Nxh5 18. gxh6 Kh7 19. Ng5+ Kg6 20. Nh3 Kxh6 21. Rg1 Nb3
22. Qb2 Nxa1 23. Qxa1 f6 24. Ke2 Qxa3 25. Qxa3 Rxa3 26. Bg2 g5 27. Rb1 Bxh3 28.
Bxh3 Kg7 29. Nc4 Ra6 30. Rb7+ Rf7 31. Nd6 Rxb7 32. Nxb7 Nf4+ 33. Kd2 Nxh3 34.
Nc5 Ra2+ 35. Kc1 Nf4 36. Kb1 Rf2 0-1

[Event "Challenge"]
[Site "http://www.queenalice.com/game.php?id=123479"]
[Date "2006.10.30"]
[Round "-"]
[White "backnine"]
[Black "davidaniel"]
[Result "1-0"]
[WhiteElo "1474"]
[BlackElo "1370"]

1. d4 e6 2. c4 c6 3. e3 Bb4+ 4. Bd2 Qa5 5. Nf3 Na6 6. c5 Nc7 7. Bd3 Nd5 8. O-O
f6 9. a3 g5 10. Bxb4 Nxb4 11. Nc3 Nd5 12. a4 f5 13. Nxg5 b6 14. e4 Nf4 15. cxb6
axb6 16. d5 exd5 17. exf5 Nf6 18. Qf3 Qb4 19. Qe3+ Kf8 20. Rae1 h6 21. Nf3 Rg8
22. Nh4 Bb7 23. Ng6+ Kf7 24. Nxf4 Qxb2 25. Be2 Rae8 26. Qd3 Qb4 27. g3 d4 28.
Nb1 c5 29. Nd2 Bc6 30. Ng6 Bxa4 31. Nc4 Qb3 32. Nd6+ Kg7 33. Nxe8+ Rxe8 34. Qa6
Nd5 35. Bf3 Bb5 36. Qa1 Nf6 37. Rxe8 Nxe8 38. Re1 Nc7 39. Re7+ Kf6 40. Be4 h5
41. Qa8 Nxa8 42. Bxa8 Qb1+ 43. Kg2 Qf1+ 44. Kf3 Qh1+ 45. Kf4 Qxa8 46. g4 Qb8+
47. Re5 1-0

[Event "Challenge"]
[Site "http://www.queenalice.com/game.php?id=123480"]
[Date "2006.10.30"]
[Round "-"]
[White "davidaniel"]
[Black "backnine"]
[Result "0-1"]
[WhiteElo "1388"]
[BlackElo "1347"]

1. e4 e5 2. g3 Be7 3. Bc4 Nf6 4. Qf3 O-O 5. h4 b6 6. h5 h6 7. d3 Bb4+ 8. c3 Bc5
9. b4 Be7 10. Qf5 d5 11. Qxe5 Nbd7 12. Qf4 dxc4 13. dxc4 Bb7 14. f3 c5 15. b5 a6
16. g4 axb5 17. cxb5 Ra4 18. g5 Bxe4 19. gxf6 Nxf6 20. Rh2 Ra5 21. fxe4 Ra4 22.
Rd2 Qa8 23. Re2 Nxe4 24. Rg2 Bg5 25. Rxg5 Nxg5 26. c4 Rb4 27. a3 Rb3 28. Nd2 Rc3
29. Ndf3 Re8+ 30. Kd1 Qa4+ 31. Kd2 Qc2# 0-1